000
00305pab a2200133 454500
008
180718b1989 xxu||||| |||| 00| 0 eng d
245
_a
Special issue on Punjab - the way out
260
_c
1989
300
_a
7-36
362
_a
Dec.
650
_a
Punjab - Politics
773
_a
Parlance
909
_a
16977
999
_c
16977
_d
16977